All Denominations in U.S. Coinage History - Statistics

General Stats
  • This quiz has been taken 54 times
  • The average score is 12 of 18
Answer Stats
Years of mintage Answer % Correct
1793-2019 1 Cent
98%
1794-2019 1 Dollar
93%
1796-2019 25 Cent
93%
1866-2019 5 Cent
93%
1796-2019 10 Cent
91%
1796-2001 50 Cent
91%
1864-1873 2 Cent
88%
1851-1873 3 Cent
88%
1793-1857 Half Cent
79%
1849-1889 Gold Dollar
74%
1875-1878 20 cent
72%
1795-1933 10 Gold Dollars
44%
1795-1929 5 Gold Dollars
37%
1849-1933 20 Gold Dollars
35%
1796-1929 2.5 Gold Dollars
35%
1794-1873 Half Dime
33%
1854-1889 3 Gold Dollars
28%
1879-1880 4 Gold Dollars
28%
No matching quizzes found
Score Distribution
Percent of People with Each Score
Percentile by Number Answered
Your Score History
You have not taken this quiz